Ni tribun, ni sauveur suprême (notice n° 1644416)

détails MARC
000 -LEADER
fixed length control field 01292cam a2200157 4500500
005 - DATE AND TIME OF LATEST TRANSACTION
control field 20260208001126.0
041 ## - LANGUAGE CODE
Language code of text/sound track or separate title fre
042 ## - AUTHENTICATION CODE
Authentication code dc
100 10 - MAIN ENTRY--PERSONAL NAME
Personal name Lantz, Pierre
Relator term author
245 00 - TITLE STATEMENT
Title Ni tribun, ni sauveur suprême
260 ## - PUBLICATION, DISTRIBUTION, ETC.
Date of publication, distribution, etc. 2003.<br/>
500 ## - GENERAL NOTE
General note 2
520 ## - SUMMARY, ETC.
Summary, etc. Previously, “matérialisme” attracted those who attempted to extend to scientific knowledge and even to political action the methods that seemed to have proved fruitful in physics and chemistry. The belief in human progress through the accumulation of scientific understanding tended to ignore certain grey areas, such the ambiguities of the notion that assigns to matter the characteristics that classical science attributes to nature. Contemporary scientific practice and philosophical reflection has rediscovered, through a consideration of contingency, the infinite variety of material processes. Knowledge of determinations is thus no longer confused with the unfounded affirmation of inexorable necessity. Materialism can escape the limits of progressivism and open the way to a philosophy of liberty.
786 0# - DATA SOURCE ENTRY
Note L'Homme & la Société | 150-151 | 4 | 2003-11-01 | p. 13-46 | 0018-4306
856 41 - ELECTRONIC LOCATION AND ACCESS
Uniform Resource Identifier <a href="https://shs.cairn.info/revue-l-homme-et-la-societe-2003-4-page-13?lang=fr&redirect-ssocas=7080">https://shs.cairn.info/revue-l-homme-et-la-societe-2003-4-page-13?lang=fr&redirect-ssocas=7080</a>

Pas d'exemplaire disponible.

PLUDOC

PLUDOC est la plateforme unique et centralisée de gestion des bibliothèques physiques et numériques de Guinée administré par le CEDUST. Elle est la plus grande base de données de ressources documentaires pour les Étudiants, Enseignants chercheurs et Chercheurs de Guinée.

Adresse

627 919 101/664 919 101

25 boulevard du commerce
Kaloum, Conakry, Guinée

Réseaux sociaux

Powered by Netsen Group @ 2025